MARC보기
LDR00000nam c2200205 k 4500
001000000341279
00520260414134106
007ta
008260407s2025 ggkd r 001a kor
020 ▼a 9791167259806 ▼g 93330 : ▼c \21000
040 ▼a 248032 ▼c 248032 ▼d 248032
0490 ▼l EM111898 ▼l EM111899 ▼c 2
056 ▼a 334.3 ▼2 4
090 ▼a 334.3 ▼b 임25ㅊ2
24520 ▼a 청소년육성제도론 = ▼x Youth Upbringing Law / ▼d 임동호, ▼e 김제원, ▼e 류동수, ▼e 이연수, ▼e 장은석, ▼e 조민식
250 ▼a 2판
260 ▼a 고양 : ▼b 공동체, ▼c 2025
300 ▼a 343 p. : ▼b 표 ; ▼c 24 cm
504 ▼a 참고문헌(p. 339-341) 및 색인(p. 342-343) 수록
653 ▼a 청소년육성 ▼a 청소년정책 ▼a 소년법
7001 ▼a 임동호, ▼e 저
7001 ▼a 김제원, ▼e 공저
7001 ▼a 류동수, ▼e 공저
7001 ▼a 이연수, ▼e 공저
7001 ▼a 장은석, ▼e 공저
7001 ▼a 조민식, ▼e 공저
9500 ▼b \21000
990 ▼a 관리자2 ▼b 관리자2